La bruja del mar / (Registro nro. 917)
[ vista simple ]
| 000 -LEADER | |
|---|---|
| fixed length control field | 02227nam a22002777a 4500 |
| 003 - CONTROL NUMBER IDENTIFIER | |
| control field | AR-RoUNCS |
| 005 - DATE AND TIME OF LATEST TRANSACTION | |
| control field | 20260225134427.0 |
| 008 - FIXED-LENGTH DATA ELEMENTS--GENERAL INFORMATION | |
| fixed length control field | 220712s2019 ag jr 000 f spa |
| 015 ## - NATIONAL BIBLIOGRAPHY NUMBER | |
| National bibliography number | AR-2019 |
| 020 ## - INTERNATIONAL STANDARD BOOK NUMBER | |
| International Standard Book Number | 978-987-92918-60-7 |
| 040 ## - CATALOGING SOURCE | |
| Original cataloging agency | AR-BaBN |
| Language of cataloging | spa |
| Transcribing agency | AR-RoUNCS |
| Description conventions | aacr |
| 041 1# - LANGUAGE CODE | |
| Language code of text/sound track or separate title | spa |
| Language code of original | eng |
| 080 1# - UNIVERSAL DECIMAL CLASSIFICATION NUMBER | |
| Universal Decimal Classification number | 82-312.9(73) |
| Edition identifier | 2016 |
| 100 1# - MAIN ENTRY--PERSONAL NAME | |
| Personal name | Henning, Sarah |
| Relator term | autora |
| Relationship | aut |
| 245 13 - TITLE STATEMENT | |
| Title | La bruja del mar / |
| Statement of responsibility, etc. | Sarah Henning ; traducción de María Laura Saccardo. |
| 250 ## - EDITION STATEMENT | |
| Edition statement | 1a ed. |
| 260 ## - PUBLICATION, DISTRIBUTION, ETC. | |
| Place of publication, distribution, etc. | Ciudad Autónoma de Buenos Aires : |
| Name of publisher, distributor, etc. | Puck, |
| Date of publication, distribution, etc. | 2019. |
| 300 ## - PHYSICAL DESCRIPTION | |
| Extent | 345 p. ; |
| Dimensions | 22 cm. |
| 500 ## - GENERAL NOTE | |
| General note | En tapa: «Antes de apoderarse de la voz de la sirena, renunció a su propio corazón». |
| 520 3# - SUMMARY, ETC. | |
| Summary, etc. | Todo el mundo sabe lo que pasa al final. Una sirena, un príncipe, un beso de amor verdadero. Pero antes de la historia de esa joven sirena, existieron tres amigos. Uno temido, uno real y uno que ya estaba muerto. Desde que su mejor amiga, Anna, se ahogó, Evie ha sido marginada en su pequeño pueblo de pescadores. Una anormal. Una maldición. Una bruja. Una chica con un extraño parecido con Anna aparece en la costa y, aunque ella lo niega, Evie está convencida de que su mejor amiga sobrevivió y que su propia magia no era tan ineficaz después de todo. Cuando las chicas captan los ojos –y los corazones– de dos encantadores príncipes, Evie cree que por fin podría tener su «felices por siempre». Pero la chica nueva tiene sus propios secretos. No puede quedarse en Havnestad, o mantenerse en dos piernas, a menos que Evie encuentre una manera de ayudarla. Ahora, Evie hará cualquier cosa para salvar la humanidad de su amiga y el corazón de su príncipe, aprovechando el poder de su magia, su océano y su amor, hasta que descubra, demasiado tarde, a lo que en realidad ha renunciado. Wicked se fusiona con La sirenita en esta cautivadora historia sobre el origen de la villana más icónica del océano, perfecta para los fans de Sin corazón y Dorothy debe morir. |
| Assigning source | (Descripción del editor). |
| 650 #7 - SUBJECT ADDED ENTRY--TOPICAL TERM | |
| Source of heading or term | embne |
| Topical term or geographic name entry element | Literatura norteamericana |
| 655 #7 - INDEX TERM--GENRE/FORM | |
| Genre/form data or focus term | Novelas fantásticas |
| Source of term | embne |
| 655 #7 - INDEX TERM--GENRE/FORM | |
| Genre/form data or focus term | Novelas juveniles |
| Source of term | embne |
| 700 1# - ADDED ENTRY--PERSONAL NAME | |
| Personal name | Saccardo, María Laura |
| Relator term | traductora |
| Relationship | trl |
| 942 ## - ADDED ENTRY ELEMENTS (KOHA) | |
| Source of classification or shelving scheme | Universal Decimal Classification |
| Koha item type | Obra General |
| Suppress in OPAC | No |
| Withdrawn status | Lost status | Source of classification or shelving scheme | Damaged status | Not for loan | Collection | Home library | Current library | Date acquired | Total checkouts | Full call number | Barcode | Date last seen | Price effective from | Koha item type |
|---|---|---|---|---|---|---|---|---|---|---|---|---|---|---|
| Universal Decimal Classification | Colección General | Biblioteca Escuela de Ciencias Sociales | Biblioteca Escuela de Ciencias Sociales | 08/10/2024 | 82-312.9(73) H517 | 001263 | 08/10/2024 | 08/10/2024 | Obra General |